Vplyv dividendovej politiky na hodnotu verejne obchodovaných spoločností diplomová práca

Salvato in:
Dettagli Bibliografici
Autore principale: Hatvaníková, Patrícia
Ente Autore: Podnikovohospodárska fakulta EU so sídlom v Košiciach. Katedra obchodného podnikania
Altri autori: Zuzik, Jozef, 1985-
Natura: Libro
Lingua:slovacco
Pubblicazione: Košice 2025
Tags: Aggiungi Tag
Nessun Tag, puoi essere il primo ad aggiungerne!!

MARC

LEADER 00000nbm a2200000 4500
001 0309071
005 20251118131515.1
041 0 |a slo 
044 |a SK 
245 1 0 |a Vplyv dividendovej politiky na hodnotu verejne obchodovaných spoločností  |b diplomová práca  |c Patrícia Hatvaníková ; školiteľ: Jozef Zuzik 
264 1 |a Košice  |c 2025 
300 |a 81 s. 
100 1 |a Hatvaníková, Patrícia 
700 1 |a Zuzik, Jozef, 1985- 
710 2 |a Podnikovohospodárska fakulta EU so sídlom v Košiciach. Katedra obchodného podnikania